000
00320nam a2200121Ia 4500
008
210430s9999 xx 000 0 und d
082
_a
620.1 S7741 S
100
_a
A.K.Srivastava
_9
54159
245
_a
Strength of Materials
_c
A.K.Srivastava
260
_a
India
_b
Prentice-Hall
_c
2007
300
_a
234p
942
_c
BK
_2
ddc
999
_c
564635
_d
564635